Highschool DxD Characters - Statistics

General Stats
  • This quiz has been taken 62 times
    37 since last reset
  • The average score is 24 of 88
Answer Stats
Picture Answer % Correct
Rias
100%
Akeno
91%
Asia
91%
Issei
91%
Koneko
88%
Gasper
79%
Xenovia
79%
Kiba
70%
Irina
58%
Kuroka
55%
Vali
52%
Michael
48%
Sirzechs
48%
Azazel
45%
Ddraig
45%
Raynare
45%
Rossweisse
45%
Sona
45%
Arthur
42%
Fenrir
42%
Grayfia
42%
Loki
42%
Ravel
42%
Riser
42%
Saji
42%
Odin
39%
Albion
36%
Kokabiel
36%
Ophis
36%
Serafall
36%
Tsubaki
36%
Kunou
30%
Venelana
30%
Bikou
27%
Freed
27%
Momo
27%
Cao Cao
24%
Diodora
24%
Hades
24%
Le Fay
24%
Sairaorg
24%
Millicas
21%
Valper
21%
Yasaka
21%
Zeoticus
21%
Baraqiel
18%
Ni and Li
18%
Ajuka
15%
Yubelluna
15%
Heracles
12%
Jeanne
12%
Kalawarna
12%
Leonardo
12%
Tannin
12%
Connla
9%
Georg
9%
Gogmagog
9%
Isabela
9%
Katerea
9%
Marion
9%
Mittelt
9%
Shalba
9%
Tomoe
9%
Tsubasa
9%
Yu Long
9%
Beluga
6%
Creuserey
6%
Dohnaseek
6%
Ile and Nel
6%
Kuisha
6%
Mira
6%
Reya
6%
Ruruko
6%
Seekvaira
6%
Siris
6%
Vritra
6%
Xuelan
6%
Burent
3%
Coriana
3%
Gandoma
3%
Karlamine
3%
Ladora
3%
Liban
3%
Midgardsormr
3%
Misteeta
3%
Regulus
3%
Shuriya
3%
Siegfried
3%
No matching quizzes found
Score Distribution
Percent of People with Each Score
Percentile by Number Answered
Your Score History
You have not taken this quiz since the last reset